01992cam a22004694i 4500003000900000005001700009008004100026020001800067035002700085040003300112049000900145082001700154100003200171245008600203264004600289300003800335336002100373337002500394338002300419505037800442526001000820526001000830526001000840526001000850526000800860526000800868526000800876526000800884526000800892526000800900526000800908541001900916650003900935910001500974942001400989949012601003994001401129596000601143999015201149980005501301952016601356PE-LiUPU20250731173357.0150706s r 000 0 d a9780800662950 a(Sirsi) i9780800662950 aPE-LiUPUbspacPE-LiUPUerda aPRUA04a253bK752211 aKoppel, Michael S.,eautor.10aOpen-Hearted ministry :bplay as key to pastoral leadership /cMichael S. Koppel. 1aMinneapolis, MN :bFortress Press,c2008. a139 páginas ;c22 centímetros atext2rdacontent aunmediated2rdamedia avolume2rdacarrier0 aPlayfully Misfit: A Vision for effective pastoral leadership -- Play and Grief: reenewing trust for ministry -- Plays and playing: discovering authentic Selfhood -- Playful teaching and learning -- Leadership as playful creative adventure -- The play of Pastoral care -- All I Ever Needed to know I learned on the Playground: Insights and practices for pastoral leadership. aSEG42 aSEG41 aSEG40 aSEG39 aP94 aP87 aP86 aP85 aP77 aP76 aP35 g9780800634391;04aTeología pastoralxCristianismo. agl20101215 2ddccBOOK a253 K75wDEWEYc1i62388lCCODEBUL1mBULp12.00r0sYtBOOKu2015-7-6xTEOLOGIAPP350COMPRAo.STAFF. Colección General aC0bPEPRU a1 a253 K75wDEWEYc51417i62388f2021-11-10g5lCCODEBUL1mBULp12.00r0sYtBOOKu2015-7-6xTEOLOGIAPP350COMPRAo.STAFF. Colección Generald51417 81gALBERTO SANCHEZ Responsable de Automatización r2025-12-03 00:00:00i6l0o253 K75p62388te1v17.00w2015-07-06xFTyBKzinventario-2023-12-13102ddc50708GENfP35aBULbBULcGENd2015-07-06eCOMPRAg12.00